000 00452nam a2200181Ia 4500
001 8545
005 20260306160617.0
008 260306t1980||||xx |||||||||||||| ||spa||
041 _aESP
082 _a371.102
_bR75
100 _aRodríguez Diéguez, José Luis
_eAUT
245 0 _aDidáctica general:
_bobjetivos y evaluación
260 _c1980
300 _a432 páginas :
_c24 cm.
650 _aGEN
654 _aCED
942 _cLIB
_dJUS
_fJUS
_2ddc
_n
999 _c8545
_d8545